Normal view
MARC view
Entry Personal Name
001 - CONTROL NUMBER
- control field: 38664
003 - CONTROL NUMBER IDENTIFIER
- control field: ARRUPE
005 - DATE AND TIME OF LATEST TRANSACTION
- control field: 20180118090148.0
008 - FIXED-LENGTH DATA ELEMENTS
- fixed length control field: 180118|| aca||aabn | a|a d
040 ## - CATALOGING SOURCE
- Original cataloging agency: ARRUPE
- Transcribing agency: ARRUPE
100 ## - HEADING--PERSONAL NAME
- Personal name: Asante, Kariamu Welsh
670 ## - SOURCE DATA FOUND
- Source citation: Work cat.: (ARRUPE)6523: Asante, Kariamu Welsh, Zimbabwe dance:, 1997